Which Prairie Province? - Statistics

General Stats
  • This quiz has been taken 10 times
  • The average score is 17 of 20
Answer Stats
Question Answer % Correct
In which province is the city of Medicine Hat? Alberta
100%
From which province can you drive into the Northwest Territories? Alberta
100%
Which province extends into the Rocky Mountains? Alberta
100%
Which province has hosted the Olympics? Alberta
100%
In which province would you find a Light Rail Transit system called the C-Train? Alberta
100%
In which province do the National Hockey League's Jets play? Manitoba
100%
Which province has the largest proportion of its population in a single urban area? Manitoba
100%
In which province can you see polar bears as a tourist? Manitoba
100%
Which province has a sea coast? Manitoba
100%
Which province is the only one in Canada with only straight-line borders? Saskatchewan
100%
In which province do the Canadian Football League's Stampeders play? Alberta
75%
In which province would you find the Canadian Museum for Human Rights? Manitoba
75%
Which province elected Canada's first (and, to date, only) Premier of First Nations' ancestry? Manitoba
75%
In which province was Lord Selkirk's Settlement? Manitoba
75%
In which province is the city of Moose Jaw? Saskatchewan
75%
In which province do the Canadian Football League's Roughriders play? Saskatchewan
75%
Which province has the second largest share of the Canadian Oil Sands? Saskatchewan
50%
Which province has Grasslands National Park? Saskatchewan
50%
Which province's license plate declares it the "Land of Living Skies" Saskatchewan
50%
In which province was Tommy Douglas Premier? Saskatchewan
50%
No matching quizzes found
Score Distribution
Percent of People with Each Score
Percentile by Number Answered
Your Score History
You have not taken this quiz